<?xml version="1.0" encoding="UTF-8"?>
<record
    xmlns:xsi="http://www.w3.org/2001/XMLSchema-instance"
    xsi:schemaLocation="http://www.loc.gov/MARC21/slim http://www.loc.gov/standards/marcxml/schema/MARC21slim.xsd"
    xmlns="http://www.loc.gov/MARC21/slim">

  <leader>02672nam a2200361 a 4500</leader>
  <controlfield tag="003">CHAP</controlfield>
  <controlfield tag="005">20230605134105.0</controlfield>
  <controlfield tag="007">ta</controlfield>
  <controlfield tag="008">230411s2011    mx ||||gr|||| 000 f spa d</controlfield>
  <datafield tag="020" ind1=" " ind2=" ">
    <subfield code="a">978-607-310-173-8</subfield>
  </datafield>
  <datafield tag="040" ind1=" " ind2=" ">
    <subfield code="a">mxchpua</subfield>
    <subfield code="c">CHAP</subfield>
    <subfield code="e">rda</subfield>
  </datafield>
  <datafield tag="050" ind1="1" ind2="0">
    <subfield code="a">PQ7298.25</subfield>
    <subfield code="b">.Q56 O78 2011</subfield>
  </datafield>
  <datafield tag="082" ind1="0" ind2="0">
    <subfield code="a">808.83951 </subfield>
    <subfield code="b">Q56 O78 2011</subfield>
    <subfield code="2">20</subfield>
  </datafield>
  <datafield tag="100" ind1="1" ind2=" ">
    <subfield code="9">186649</subfield>
    <subfield code="a">Ortega, Leonardo</subfield>
    <subfield code="e">autor</subfield>
  </datafield>
  <datafield tag="245" ind1="1" ind2="3">
    <subfield code="a">La quinta aparici&#xF3;n /</subfield>
    <subfield code="c">Leonardo Ortega</subfield>
  </datafield>
  <datafield tag="250" ind1=" " ind2=" ">
    <subfield code="a">1a edici&#xF3;n</subfield>
  </datafield>
  <datafield tag="264" ind1=" " ind2=" ">
    <subfield code="a">M&#xE9;xico :</subfield>
    <subfield code="b">Random House Mondadori,</subfield>
    <subfield code="c">2011</subfield>
  </datafield>
  <datafield tag="300" ind1=" " ind2=" ">
    <subfield code="a">228 p&#xE1;ginas</subfield>
  </datafield>
  <datafield tag="336" ind1=" " ind2=" ">
    <subfield code="2">rdacontent</subfield>
    <subfield code="a">texto</subfield>
    <subfield code="b">txt</subfield>
  </datafield>
  <datafield tag="337" ind1=" " ind2=" ">
    <subfield code="2">rdamedia</subfield>
    <subfield code="a">sin medio</subfield>
    <subfield code="b">n</subfield>
  </datafield>
  <datafield tag="338" ind1=" " ind2=" ">
    <subfield code="2">rdacarrier</subfield>
    <subfield code="a">volumen</subfield>
    <subfield code="b">nc</subfield>
  </datafield>
  <datafield tag="490" ind1="1" ind2=" ">
    <subfield code="a">DeBolsillo Novela (Random House Mondadori)</subfield>
  </datafield>
  <datafield tag="520" ind1=" " ind2=" ">
    <subfield code="a">Un arquitecto fue contratado para remodelar la antigua bas&#xED;lica de Guadalupe, en 2008. Durante los trabajos, se descubri&#xF3; un pergamino del siglo XVI. Su contenido: cinco profec&#xED;as anunciadas por la Virgen a Juan Diego. Gabriel, un destacado arquitecto, descubre durante unas excavaciones en la bas&#xED;lica de Guadalupe un misterioso pergamino, escrito en n&#xE1;huatl. Tras el hallazgo, pide ayuda a un amigo cercano para descifrarlo; este &#xFA;ltimo es un qu&#xED;mico idealista quien se apoya en una brillante ingeniera de sistemas, en un pintor experto en iconograf&#xED;a antigua y en un erudito en historia y letras que aborrece a media humanidad. Poco despu&#xE9;s, el arquitecto es hallado muerto y el Azac&#xE1;n, una secta ultraconservadora, vinculada a la alta jerarqu&#xED;a religiosa del pa&#xED;s, comienza la persecuci&#xF3;n de los documentos y sus poseedores, y no dudar&#xE1; en recurrir a todos los medios con tal de mantener en secreto el enigm&#xE1;tico mensaje. Las profec&#xED;as anuncian cinco cat&#xE1;strofes sobre el pueblo mexicano. Cuatroya han ocurrido, pero una ser&#xE1; fat&#xED;dica para la ciudad de M&#xE9;xico y suceder&#xE1; el 12 de diciembre del 2012. Nadie est&#xE1; preparado para lo que viene. --</subfield>
  </datafield>
  <datafield tag="520" ind1=" " ind2=" ">
    <subfield code="a">An architect accidentally discovers a mysterious parchment in the old Basilica of Guadalupe, without realizing that it contains five prophecies dictated by the Virgin of Guadalupe to Juan Diego in the moment in which he appeared in the distant year of 1531. An amazing historical thriller that brings together adventure, mystery and a secret message.</subfield>
  </datafield>
  <datafield tag="650" ind1="1" ind2="7">
    <subfield code="9">67138</subfield>
    <subfield code="a">Literatura mexicana</subfield>
    <subfield code="y">Siglo XXI</subfield>
  </datafield>
  <datafield tag="650" ind1="1" ind2="7">
    <subfield code="9">82025</subfield>
    <subfield code="a">Novela mexicana</subfield>
  </datafield>
  <datafield tag="650" ind1="1" ind2="3">
    <subfield code="9">186654</subfield>
    <subfield code="a">Virgen Mar&#xED;a</subfield>
    <subfield code="x">Apariciones</subfield>
    <subfield code="z">M&#xE9;xico</subfield>
  </datafield>
  <datafield tag="650" ind1="1" ind2="0">
    <subfield code="a">Mexican literature</subfield>
    <subfield code="x"> </subfield>
    <subfield code="y">21st century </subfield>
    <subfield code="9">160330</subfield>
  </datafield>
  <datafield tag="650" ind1="1" ind2="3">
    <subfield code="9">152751</subfield>
    <subfield code="a">Fiction  </subfield>
  </datafield>
  <datafield tag="650" ind1="1" ind2="3">
    <subfield code="9">186655</subfield>
    <subfield code="a">Virgin Mary</subfield>
    <subfield code="x">Apparitions</subfield>
    <subfield code="z">Mexico</subfield>
  </datafield>
  <datafield tag="830" ind1=" " ind2=" ">
    <subfield code="9">186650</subfield>
    <subfield code="a">DeBolsillo Novela (Random House Mondadori)</subfield>
  </datafield>
  <datafield tag="942" ind1=" " ind2=" ">
    <subfield code="2">ddc</subfield>
    <subfield code="c">Libro</subfield>
  </datafield>
  <datafield tag="999" ind1=" " ind2=" ">
    <subfield code="c">218595</subfield>
    <subfield code="d">218595</subfield>
  </datafield>
  <datafield tag="952" ind1=" " ind2=" ">
    <subfield code="0">0</subfield>
    <subfield code="1">0</subfield>
    <subfield code="2">ddc</subfield>
    <subfield code="4">0</subfield>
    <subfield code="5">2</subfield>
    <subfield code="7">0</subfield>
    <subfield code="8">LIT</subfield>
    <subfield code="a">IA_</subfield>
    <subfield code="b">IA_</subfield>
    <subfield code="d">2021-12-09</subfield>
    <subfield code="e">Compra Librer&#xED;a UACh F. 39633</subfield>
    <subfield code="i">Consumo</subfield>
    <subfield code="l">0</subfield>
    <subfield code="o">808.83951  Q56 O78 2011</subfield>
    <subfield code="p">1108014617</subfield>
    <subfield code="r">2023-04-11 00:00:00</subfield>
    <subfield code="t">Ej. 1</subfield>
    <subfield code="w">2023-04-11</subfield>
    <subfield code="y">LIBRO</subfield>
  </datafield>
</record>
